000 00921cab a2200241 4500
001 ABS45247
008 090401t1991 xxu||||| |||| 00| 0 eng d
035 _a(Sirsi) u51785
041 _aeng
100 _aGraves, P.
245 2 _aA presumption to conserve
260 _c1991
350 _a0
490 _aEstates Gazette
_v(9137) 21 September 1991, 108-110(3)
520 _aExamines the role of conservation areas, looking at their history from the Civic Amenities Act 1967, which introduced them, to current policy and practice laid down by the Planning (Listed Buildings and Conservation Areas) Act 1990. Discusses the recent case "South Lakeland DC v SoS for the Environment" (WB2714-39) which looked at the meaning of `preserve`.
650 _aCONSERVATION AREAS
650 _aLEGISLATION
650 _aPRESERVE
690 _aCONSERVATION
700 _aRoss, S.
942 _n0
948 _c04/03/1997
999 _c32134
_d32134